• 首页
  • 本馆介绍
  • 公告通知
  • 最新文献
  • 馆藏检索
  • 电子资源
  • 读者导购
  • 参考咨询
  • 我的图书馆
  • 登录
  • 详细信息显示
  • 放入我的书架
  • 预约/预借图书
  • 作者相关作品
  • 分类相关作品
  • 丛书相关作品
  • 出版社相关作品

书目信息

  • 表格格式
  • 工作单格式
  • 卡片格式
题名:
中国竹笛名曲荟萃
    
 
作者: ;上海音乐出版社 编
分册:  
出版信息: 上海   上海音乐出版社  1994
页数: 510页
开本: 26cm
丛书名:
单 册:
中图分类: J647.1
科图分类:
主题词: 音乐--作品--中国 , 笛子--器乐曲--中国--选集
电子资源:
ISBN: 7-80553-383-0
000 00556nam0 2200193 45
001 1234732580
005 20121019094210.17
010    @a7-80553-383-0@d37.00元
100    @a20020618d1994 km y0chiy0120 ea
101 0  @achi
200 1  @a中国竹笛名曲荟萃@AZhong Guo Zhu Di Ming Qu Hui Cui@f本社编@FBen She Bian
210    @a上海@c上海音乐出版社@d1994
215    @a510页@d26cm
606 0  @a音乐@x作品@x中国
606 0  @a笛子@x器乐曲@y中国@z选集
690    @aJ647.1@v4
711 02 @a上海音乐出版社@4编
801    @aCN@bTSSF@c20020618
905    @a10447@dJ647.1@eJY3
    
    中国竹笛名曲荟萃/本社编.-上海:上海音乐出版社,1994
    510页;26cm
    
    
    ISBN 7-80553-383-0:37.00元
    
●
相关链接 在E读中查询图书 在五车中查询图书 在当当中查询图书 在豆瓣中查询图书


正题名:中国竹笛名曲荟萃     索取号:J647.1/JY3         预约/预借

序号 登录号 条形码 馆藏地/架位号 状态 备注
1 7834256   278342562   学院路分馆/ [索取号:J647.1/JY3] 在馆    
2 7834360   278343605   学院路分馆/ [索取号:J647.1/JY3] 在馆    
唐山师范学院图书馆 欢迎您!
大连网信软件有限公司© 版权所有